| 000 | 00460 a2200109 4500 | ||
|---|---|---|---|
| 001 | ART_7694 | ||
| 005 | 20260410161720.0 | ||
| 008 | 260409a | ||
| 245 | 1 | 0 | _aResolución Técnica 26. Adopción de las normas internacionales de información financiera (NIIF) del consejo de normas internacionales de contabilidad (IASB) |
| 100 | 1 | _aD´Onofrio, Paula Alejandra | |
| 773 | 0 |
_tContabilidad y auditoría _g- Año 15, Nº 29 (jun. 2009) _wREV1723 |
|
| 999 |
_c16919 _d16919 |
||